[Event "Sombor Open - Memorijal Dragana Milicevi"]
[Site "Sombor, Citaonicka 9"]
[Date "2025.10.24"]
[Round "4.1"]
[White "Kurcubic, Drago"]
[Black "Babic, Damir M"]
[Result "1/2-1/2"]
[WhiteElo "2177"]
[BlackElo "2148"]
[PlyCount "89"]
[EventDate "2025.10.17"]

1. e4 e5 2. Nf3 Nf6 3. Nc3 Nc6 4. d4 exd4 5. Nd5 Be7 6. Bc4 d6 7. Nxd4 O-O 8.
O-O Nxd5 9. Nxc6 bxc6 10. exd5 Bd7 11. Be3 Bf6 12. c3 c5 13. Qc2 a5 14. Bd3 h6
15. Qd2 Re8 16. Rad1 Bg5 17. f4 Bf6 18. h3 Rb8 19. Rf3 a4 20. g4 g6 21. Rdf1
Re7 22. g5 hxg5 23. f5 Rxe3 24. Qxe3 Be5 25. fxg6 f6 26. h4 g4 27. Qh6 Qe7 28.
R3f2 g3 29. Re2 Qg7 30. Qd2 Rf8 31. h5 f5 32. Qg5 Qf6 33. Qxf6 Rxf6 34. Kg2 Kg7
35. Rh1 Kh6 36. Rc2 Rf8 37. Be2 f4 38. b4 Bf5 39. Rcc1 c4 40. Bf3 a3 41. Rhf1
Bd3 42. Rh1 Bf5 43. Rhe1 Bd3 44. Rh1 Bf5 45. Rhe1 1/2-1/2

[Event "Sombor Open - Memorijal Dragana Milicevi"]
[Site "Sombor, Citaonicka 9"]
[Date "2025.10.24"]
[Round "4.2"]
[White "Stojanovski, Branko"]
[Black "Stefanac, Marko"]
[Result "1/2-1/2"]
[WhiteElo "1926"]
[BlackElo "1847"]
[PlyCount "20"]
[EventDate "2025.10.17"]

1. d4 f5 2. g4 d5 3. Qd3 g6 4. gxf5 Bxf5 5. Qb5+ Nc6 6. Qxb7 Nxd4 7. Na3 e5 8.
c3 Rb8 9. Qxa7 Ra8 10. Qb7 Rb8 1/2-1/2

[Event "Sombor Open - Memorijal Dragana Milicevi"]
[Site "Sombor, Citaonicka 9"]
[Date "2025.10.24"]
[Round "4.3"]
[White "Kolompar, Ivan"]
[Black "Ivosevic, Nikola"]
[Result "0-1"]
[WhiteElo "2036"]
[BlackElo "1892"]
[PlyCount "64"]
[EventDate "2025.10.17"]

1. e4 c5 2. Nf3 Nc6 3. d4 cxd4 4. Nxd4 e5 5. Nb5 a6 6. Nd6+ Bxd6 7. Qxd6 Qf6 8.
Qd1 Qg6 9. Nc3 d5 10. Nxd5 Qxe4+ 11. Ne3 Qg6 12. Bd3 e4 13. Bc4 Nge7 14. O-O
O-O 15. Re1 Bh3 16. f4 Rad8 17. Qe2 Nd4 18. Qf2 Nf3+ 19. Kh1 Nxe1 20. Qxe1 Bc8
21. Bd2 b5 22. Bb3 Bb7 23. a4 Nf5 24. axb5 axb5 25. Qe2 Nd4 26. Qe1 Nxb3 27.
cxb3 Rd3 28. Bc3 Rfd8 29. b4 h5 30. g3 Qb6 31. Ng2 e3 32. Qe2 Rd2 0-1

[Event "Sombor Open - Memorijal Dragana Milicevi"]
[Site "Sombor, Citaonicka 9"]
[Date "2025.10.24"]
[Round "4.4"]
[White "Dombrovski, Mihajlo"]
[Black "Pek, Istvan"]
[Result "1-0"]
[WhiteElo "2006"]
[BlackElo "1869"]
[PlyCount "139"]
[EventDate "2025.10.17"]

1. e4 c5 2. c4 Nc6 3. Nc3 Nf6 4. g3 e6 5. Bg2 g6 6. Nge2 Bg7 7. d3 a6 8. h3 d6
9. O-O O-O 10. Be3 Qc7 11. Qd2 Re8 12. Bh6 Bh8 13. f4 Rb8 14. f5 Ne5 15. fxg6
hxg6 16. Rf2 b5 17. cxb5 axb5 18. Raf1 Nh7 19. Nd1 b4 20. Ne3 Ba6 21. Ng4 Re7
22. Nxe5 Bxe5 23. Bf4 Bg7 24. b3 Bb5 25. Rc1 Qb6 26. Be3 Qa6 27. Nf4 Nf8 28. h4
Nd7 29. h5 Ne5 30. hxg6 fxg6 31. Bh3 Bd7 32. d4 cxd4 33. Bxd4 Qb7 34. Bxe5 Bxe5
35. Nxg6 Rg7 36. Nxe5 dxe5 37. Qd6 Rxg3+ 38. Kh2 Rg7 39. Rc7 Qb6 40. Qxb6 Rxb6
41. Rd2 Bb5 42. Rd8+ Kh7 43. Rcc8 Be2 44. Rh8+ Kg6 45. Rb8 Ra6 46. Ra8 Rd6 47.
Rhd8 Rc6 48. Rac8 Rb6 49. Rb8 Rc6 50. Rd2 Bf3 51. Bg2 Rc3 52. Bxf3 Rxf3 53.
Rg2+ Kh7 54. Rxg7+ Kxg7 55. Rxb4 Rf2+ 56. Kg3 Rxa2 57. Ra4 Rb2 58. b4 Rb3+ 59.
Kf2 Kf6 60. Ke2 Kg5 61. Kd2 Kf4 62. Kc2 Re3 63. b5 Rg3 64. Rb4 Rg8 65. b6 Kg5
66. b7 Rb8 67. Kd3 Kf6 68. Kc4 Ke7 69. Kc5 Kd7 70. Kb6 1-0

[Event "Sombor Open - Memorijal Dragana Milicevi"]
[Site "Sombor, Citaonicka 9"]
[Date "2025.10.24"]
[Round "4.5"]
[White "Mandaric, Petar"]
[Black "Skrobonja, Sinisa"]
[Result "0-1"]
[WhiteElo "1877"]
[BlackElo "1943"]
[PlyCount "58"]
[EventDate "2025.10.17"]

1. e4 g6 2. d4 Bg7 3. Nc3 d6 4. f4 Nd7 5. Be3 a6 6. a4 b6 7. Be2 Bb7 8. Bf3 e6
9. Nh3 Ne7 10. e5 d5 11. Ne2 Nf5 12. Bf2 c5 13. O-O O-O 14. g4 Nxd4 15. Nxd4
cxd4 16. Qxd4 Rc8 17. Qd2 a5 18. c3 Ba6 19. Be2 Bb7 20. Ng5 Nc5 21. Qe1 Qc7 22.
Qd1 f6 23. exf6 Bxf6 24. b4 Bxg5 25. fxg5 Ne4 26. Bd4 e5 27. Be3 Nxc3 28. Qd2
d4 29. Bf2 Qc6 0-1

[Event "Sombor Open - Memorijal Dragana Milicevi"]
[Site "Sombor, Citaonicka 9"]
[Date "2025.10.24"]
[Round "4.6"]
[White "Delija, Dragan"]
[Black "Vujnovic, Igor"]
[Result "1-0"]
[WhiteElo "1862"]
[BlackElo "1927"]
[PlyCount "106"]
[EventDate "2025.10.17"]

1. Nf3 f5 2. d4 e6 3. Bf4 Nf6 4. e3 d5 5. c4 Bb4+ 6. Nc3 Ne4 7. Rc1 c6 8. Ne5
O-O 9. h4 Nd7 10. Nf3 Ndf6 11. Ng5 Nxc3 12. bxc3 Bd6 13. Bxd6 Qxd6 14. Bd3 e5
15. c5 Qc7 16. O-O e4 17. Be2 f4 18. exf4 Qxf4 19. g3 Qc7 20. Kg2 Qd7 21. Rh1
Ng4 22. Bxg4 Qxg4 23. Qxg4 Bxg4 24. Rhf1 h6 25. Nh3 Rf7 26. Rc2 Raf8 27. Rb2
Rf3 28. Nf4 Rxc3 29. Rxb7 Ra3 30. Ng6 Ra8 31. Ne7+ Kh7 32. Nxc6 Rxa2 33. Ne5
Bc8 34. Re7 Ba6 35. Re1 Rf8 36. Rf7 Rxf7 37. Nxf7 Kg6 38. Nd8 Bc8 39. Nc6 Kf6
40. Nb4 Rd2 41. Nxd5+ Ke6 42. Nf4+ Kf5 43. Nd5 Bb7 44. Ne7+ Ke6 45. c6 Kxe7 46.
cxb7 Rb2 47. Rxe4+ Kd7 48. Rg4 a5 49. Rxg7+ Kc6 50. Rg6+ Kxb7 51. Rxh6 a4 52.
Rh7+ Kb6 53. Rh6+ Kb7 1-0

[Event "Sombor Open - Memorijal Dragana Milicevi"]
[Site "Sombor, Citaonicka 9"]
[Date "2025.10.24"]
[Round "4.7"]
[White "Dragas, Radomir"]
[Black "Gajcin, Sinisa"]
[Result "1-0"]
[WhiteElo "1909"]
[BlackElo "1804"]
[PlyCount "107"]
[EventDate "2025.10.17"]

1. e4 c5 2. Nf3 g6 3. d4 cxd4 4. Nxd4 Bg7 5. Be2 Nc6 6. Nb3 Nf6 7. Nc3 O-O 8.
O-O d6 9. Be3 a6 10. h3 Bd7 11. Qd2 b5 12. a3 Ne5 13. f4 Nc4 14. Bxc4 bxc4 15.
Nd4 e5 16. fxe5 dxe5 17. Nf3 Qc7 18. Bh6 Rad8 19. Bxg7 Kxg7 20. Qg5 Qc5+ 21.
Kh2 Rde8 22. Nh4 Nh5 23. Nd5 f6 24. Qd2 Rd8 25. g3 Bc6 26. Rad1 Bxd5 27. exd5
Rd6 28. Ng2 Rfd8 29. Ne3 Rb8 30. Qc3 Rbd8 31. Rd2 Rc8 32. Rfd1 Qc7 33. b3 cxb3
34. Qxc7+ Rxc7 35. cxb3 Rc3 36. Rd3 Rxd3 37. Rxd3 e4 38. Rc3 f5 39. Rc6 Rd8 40.
Rxa6 f4 41. gxf4 Nxf4 42. d6 Kf6 43. Kg3 Ne2+ 44. Kf2 Nf4 45. h4 Ke6 46. Nc4
Nd5 47. Ra7 Rf8+ 48. Ke2 Rb8 49. d7 Nf6 50. Ra6+ Ke7 51. Ne5 Rf8 52. Ra7 Kd6
53. d8=Q+ Rxd8 54. Nf7+ 1-0

[Event "Sombor Open - Memorijal Dragana Milicevi"]
[Site "Sombor, Citaonicka 9"]
[Date "2025.10.24"]
[Round "4.8"]
[White "Knezevic, Janko"]
[Black "Kelic, Dusan"]
[Result "1-0"]
[WhiteElo "1834"]
[BlackElo "1695"]
[PlyCount "105"]
[EventDate "2025.10.17"]

1. d4 d5 2. c4 Nf6 3. Nc3 e6 4. Nf3 Bb4 5. a3 Be7 6. Bf4 a6 7. e3 Nh5 8. Bg3
Nxg3 9. hxg3 dxc4 10. Bxc4 b5 11. Bb3 Bb7 12. Bc2 Nd7 13. Be4 Bxe4 14. Nxe4 h6
15. Rc1 Rc8 16. b4 f5 17. Nc5 Nxc5 18. bxc5 Bf6 19. Nh4 Bxh4 20. Qh5+ Kf8 21.
gxh4 c6 22. Qg6 Qe8 23. Qg3 Qe7 24. Qf4 Kf7 25. Qf3 Qf6 26. h5 Rhd8 27. O-O Rd5
28. Qe2 Rcd8 29. f4 Rg8 30. Qe1 g5 31. Qa5 gxf4 32. Qc7+ Qe7 33. Qxf4 Qg5 34.
Qf3 Qh4 35. e4 Rxd4 36. exf5 Rxg2+ 37. Qxg2 Rg4 38. fxe6+ Ke8 39. Rce1 Qxh5 40.
e7 Qxc5+ 41. Rf2 h5 42. Qxg4 hxg4 43. Kf1 Qc4+ 44. Ree2 Qc1+ 45. Kg2 Qh6 46.
Rf8+ Qxf8 47. exf8=Q+ Kxf8 48. Rc2 Ke7 49. Rxc6 a5 50. Rc5 b4 51. Rxa5 bxa3 52.
Rxa3 Kf6 53. Ra5 1-0

[Event "Sombor Open - Memorijal Dragana Milicevi"]
[Site "Sombor, Citaonicka 9"]
[Date "2025.10.24"]
[Round "4.14"]
[White "Kovacic, Borislav Z"]
[Black "Mitrovic, Nenad Dj"]
[Result "1-0"]
[WhiteElo "1595"]
[BlackElo "1569"]
[PlyCount "35"]
[EventDate "2025.10.17"]

1. e4 c5 2. Nf3 Nc6 3. Bc4 h6 4. c3 a6 5. d4 Nf6 6. e5 Ne4 7. d5 Na5 8. Bd3 Ng5
9. Nh4 d6 10. Bxg5 hxg5 11. Nf5 dxe5 12. b4 cxb4 13. cxb4 Bxf5 14. Bxf5 Nc4 15.
Nc3 g6 16. Qa4+ b5 17. Nxb5 gxf5 18. Nc7# 1-0

[Event "Sombor Open - Memorijal Dragana Milicevi"]
[Site "Sombor, Citaonicka 9"]
[Date "2025.10.24"]
[Round "4.15"]
[White "Basaric, Ana"]
[Black "Kokai, Lea"]
[Result "1-0"]
[WhiteElo "1584"]
[BlackElo "1427"]
[PlyCount "53"]
[EventDate "2025.10.17"]

1. c4 e6 2. d4 Nf6 3. Nc3 Bb4 4. g3 Qe7 5. Bg2 O-O 6. Nf3 h6 7. O-O c5 8. a3
Bxc3 9. bxc3 Nc6 10. Bf4 b6 11. dxc5 bxc5 12. Bd6 Qd8 13. Bxf8 Qxf8 14. Rb1 Ba6
15. Qa4 Qc8 16. Ne5 Bb7 17. Rfd1 Rb8 18. Nxc6 Bxc6 19. Bxc6 Rxb1 20. Rxb1 Qxc6
21. Rb8+ Kh7 22. Qxc6 dxc6 23. Rc8 Ne4 24. Rxc6 Nxc3 25. Rxc5 Nxe2+ 26. Kf1 Nd4
27. Rc7 1-0

[Event "Sombor Open - Memorijal Dragana Milicevi"]
[Site "Sombor, Citaonicka 9"]
[Date "2025.10.27"]
[Round "5.1"]
[White "Stefanac, Marko"]
[Black "Kurcubic, Drago"]
[Result "0-1"]
[WhiteElo "1847"]
[BlackElo "2177"]
[PlyCount "108"]
[EventDate "2025.10.17"]

1. e4 c6 2. Nc3 d5 3. Nf3 Bg4 4. Be2 Nf6 5. e5 d4 6. Nxd4 Qxd4 7. exf6 Bxe2 8.
Nxe2 Qxf6 9. d4 e6 10. O-O Bd6 11. Be3 Nd7 12. c3 O-O 13. Ng3 Rfe8 14. Qg4 Qg6
15. Qf3 Nf6 16. Rfe1 Rad8 17. Bf4 Qg4 18. Qxg4 Nxg4 19. Bxd6 Rxd6 20. f3 Nf6
21. Kf2 Kf8 22. Ne4 Rd5 23. Nc5 b6 24. Na6 Rc8 25. Nb4 Rd7 26. Rad1 a5 27. Nd3
Rb7 28. g4 Nd7 29. Ne5 Ke7 30. h4 c5 31. d5 Nxe5 32. Rxe5 Rd8 33. f4 Rbd7 34.
c4 Kf6 35. g5+ Kg6 36. Kg3 h5 37. f5+ exf5 38. Kf4 Rd6 39. Rxf5 a4 40. Rd3 Re8
41. Re5 Rb8 42. Re7 b5 43. Ke5 bxc4 44. Rf3 Rbd8 45. Rfxf7 Rxd5+ 46. Ke4 Rd4+
47. Ke5 Rg8 48. Re6+ Kxf7 49. g6+ Kf8 50. Rc6 Ke7 51. Rc7+ Rd7 52. Rxc5 Rb8 53.
Rxc4 Rb5+ 54. Kf4 Rdb7 0-1

[Event "Sombor Open - Memorijal Dragana Milicevi"]
[Site "Sombor, Citaonicka 9"]
[Date "2025.10.27"]
[Round "5.2"]
[White "Babic, Damir M"]
[Black "Dombrovski, Mihajlo"]
[Result "0-1"]
[WhiteElo "2148"]
[BlackElo "2006"]
[PlyCount "76"]
[EventDate "2025.10.17"]

1. d4 e6 2. c4 f5 3. Nc3 Bb4 4. Qc2 Nf6 5. f3 d5 6. e3 O-O 7. Bd3 f4 8. cxd5
Nxd5 9. Bxh7+ Kh8 10. h4 Nxe3 11. Bxe3 fxe3 12. O-O-O Nd7 13. Nge2 Nf6 14. Bg6
Qe7 15. Ne4 c5 16. dxc5 Bd7 17. Rd4 a5 18. Kb1 Rac8 19. Nxf6 gxf6 20. Qe4 Bxc5
21. Rhd1 Bc6 22. Qg4 Bxd4 23. Qh5+ Kg8 24. Rxd4 f5 25. Rd6 Rfd8 26. Rxd8+ Rxd8
27. Nc3 Bb5 28. Bxf5 exf5 29. Qg6+ Qg7 30. Qe6+ Kh8 31. Qxe3 Re8 32. Qd2 Bc6
33. a3 Qf6 34. Qf4 Kg7 35. Qc7+ Qe7 36. Qxa5 Qxh4 37. Qc7+ Qe7 38. Qg3+ Kf8 0-1

[Event "Sombor Open - Memorijal Dragana Milicevi"]
[Site "Sombor, Citaonicka 9"]
[Date "2025.10.27"]
[Round "5.3"]
[White "Skrobonja, Sinisa"]
[Black "Dragas, Radomir"]
[Result "1-0"]
[WhiteElo "1943"]
[BlackElo "1909"]
[PlyCount "49"]
[EventDate "2025.10.17"]

1. e4 e5 2. Nf3 Nc6 3. Bb5 a6 4. Ba4 Nf6 5. O-O Be7 6. Re1 b5 7. Bb3 d6 8. c3
O-O 9. h3 Na5 10. Bc2 c5 11. d4 cxd4 12. cxd4 Qc7 13. d5 Bd7 14. Nbd2 Rac8 15.
Bd3 Nb7 16. Nf1 Nc5 17. Bb1 Na4 18. Ng3 Qb6 19. Nh4 Nxd5 20. Nhf5 Bf6 21. Qxd5
Be6 22. Qd1 Rfd8 23. Nh5 Bxf5 24. Nxf6+ gxf6 25. exf5 1-0

[Event "Sombor Open - Memorijal Dragana Milicevi"]
[Site "Sombor, Citaonicka 9"]
[Date "2025.10.27"]
[Round "5.4"]
[White "Ivosevic, Nikola"]
[Black "Knezevic, Janko"]
[Result "1/2-1/2"]
[WhiteElo "1892"]
[BlackElo "1834"]
[PlyCount "109"]
[EventDate "2025.10.17"]

1. d4 Nf6 2. c4 e6 3. Nf3 d5 4. Nc3 Be7 5. Bf4 c6 6. e3 O-O 7. Bd3 dxc4 8. Bxc4
Nbd7 9. O-O Nb6 10. Bb3 Nbd5 11. Bg3 Nxc3 12. bxc3 Ne4 13. Qd3 Nxg3 14. hxg3 a5
15. Bc2 g6 16. e4 b6 17. Rad1 Ba6 18. c4 b5 19. Qe3 bxc4 20. Ne5 Qc7 21. Qh6
Bf6 22. Ng4 Bg7 23. Qe3 f5 24. exf5 exf5 25. Ne5 c5 26. f4 cxd4 27. Qxd4 Rad8
28. Qe3 Rxd1 29. Rxd1 Rd8 30. Rb1 Bf8 31. Kh2 Bc5 32. Qe2 Qg7 33. g4 fxg4 34.
Qxg4 Bc8 35. Qh4 Be7 36. Qf2 Qh6+ 37. Kg1 Qf8 38. Kf1 Bf5 39. g3 Bh3+ 40. Ke2
Bb4 41. Rd1 Rxd1 42. Bxd1 Qd6 43. Qe3 Bc5 44. Qe4 Bf5 45. Qa8+ Kg7 46. Qb7+ Qe7
47. Qxe7+ Bxe7 48. Nxc4 Bg4+ 49. Kd2 Bb4+ 50. Kc2 Be6 51. Be2 Be1 52. g4 Bg3
53. Nxa5 Bxa2 54. Nc4 Bxf4 55. Kb2 1/2-1/2

[Event "Sombor Open - Memorijal Dragana Milicevi"]
[Site "Sombor, Citaonicka 9"]
[Date "2025.10.27"]
[Round "5.5"]
[White "Stojanovski, Branko"]
[Black "Delija, Dragan"]
[Result "1-0"]
[WhiteElo "1926"]
[BlackElo "1862"]
[PlyCount "59"]
[EventDate "2025.10.17"]

1. b4 Nf6 2. Bb2 d5 3. e3 Bf5 4. Nf3 e6 5. a3 Nbd7 6. c4 Be7 7. Be2 c6 8. d3
Rc8 9. Nbd2 O-O 10. O-O h6 11. Qb3 Re8 12. Rac1 Bd6 13. Nd4 Bg6 14. cxd5 exd5
15. N2f3 a6 16. Qd1 c5 17. bxc5 Nxc5 18. Qd2 Qe7 19. Ra1 Na4 20. Nh4 Qe5 21.
Nhf3 Qe7 22. Nb3 Rc7 23. Nfd4 Rec8 24. f4 Nxb2 25. f5 Bh5 26. Qxb2 Qxe3+ 27.
Rf2 Bxh2+ 28. Kf1 Rc1+ 29. Rxc1 Re8 30. Qd2 1-0

[Event "Sombor Open - Memorijal Dragana Milicevi"]
[Site "Sombor, Citaonicka 9"]
[Date "2025.10.27"]
[Round "5.6"]
[White "Travica, Robert"]
[Black "Glamuzina, Jurica"]
[Result "1-0"]
[WhiteElo "2030"]
[BlackElo "1962"]
[PlyCount "88"]
[EventDate "2025.10.17"]

1. e4 d6 2. d4 Nf6 3. Nc3 c6 4. a4 Nbd7 5. Nf3 e5 6. h3 Be7 7. Be2 O-O 8. O-O
b6 9. Re1 Bb7 10. Be3 a6 11. Bd3 Qc7 12. Qe2 Rfc8 13. Nb1 c5 14. dxe5 c4 15.
exf6 Bxf6 16. Bd4 Bxd4 17. Nxd4 Ne5 18. Nc3 g6 19. Qe3 cxd3 20. cxd3 Re8 21. f4
Nd7 22. Rac1 Qd8 23. Qf2 Rc8 24. Rcd1 Qf6 25. g4 Rc5 26. Nde2 Qe7 27. Rc1 Qf6
28. Rf1 Rcc8 29. g5 Qe7 30. h4 f6 31. Nd4 fxg5 32. hxg5 Rf8 33. Rce1 Rf7 34.
Qg3 Re8 35. Nd5 Qd8 36. Ne3 Nc5 37. Ng4 Kh8 38. Nh6 Rff8 39. f5 Nxd3 40. fxg6
Rxf1+ 41. Rxf1 Ne5 42. Nf7+ Nxf7 43. gxf7 Rf8 44. Ne6 Bxe4 1-0

[Event "Sombor Open - Memorijal Dragana Milicevi"]
[Site "Sombor, Citaonicka 9"]
[Date "2025.10.27"]
[Round "5.7"]
[White "Gajcin, Sinisa"]
[Black "Kolompar, Ivan"]
[Result "0-1"]
[WhiteElo "1804"]
[BlackElo "2036"]
[PlyCount "84"]
[EventDate "2025.10.17"]

1. e4 c5 2. Nf3 Nc6 3. d4 cxd4 4. Nxd4 Nf6 5. Nc3 e5 6. Ndb5 d6 7. Bg5 a6 8.
Na3 b5 9. Nd5 Be7 10. Bxf6 Bxf6 11. c4 b4 12. Nc2 O-O 13. Be2 a5 14. O-O Bg5
15. Qd3 Be6 16. Nde3 g6 17. Rad1 Qb6 18. Bg4 Bxg4 19. Nxg4 a4 20. b3 axb3 21.
axb3 Ra2 22. Ra1 Rfa8 23. Rxa2 Rxa2 24. g3 h5 25. Nge3 Bxe3 26. fxe3 Nd8 27.
Rd1 Ne6 28. Rf1 Nc5 29. Qd5 Ra7 30. Rf6 Ne6 31. Qd2 Rb7 32. Qd5 Kg7 33. Rf1 Nc5
34. Rb1 Ra7 35. Rb2 Ra5 36. Qd1 Nxe4 37. Qf3 f5 38. Ne1 Ng5 39. Qe2 Ra1 40. Kg2
Qc6+ 41. Nf3 Nxf3 42. Qxf3 Rg1+ 0-1

[Event "Sombor Open - Memorijal Dragana Milicevi"]
[Site "Sombor, Citaonicka 9"]
[Date "2025.10.27"]
[Round "5.8"]
[White "Vujnovic, Igor"]
[Black "Kovacic, Borislav Z"]
[Result "1-0"]
[WhiteElo "1927"]
[BlackElo "1595"]
[PlyCount "27"]
[EventDate "2025.10.17"]

1. e4 e5 2. Nc3 Nf6 3. f4 Bc5 4. fxe5 Ng8 5. Nf3 a6 6. d4 Ba7 7. Bg5 f6 8. exf6
Nxf6 9. Bc4 h6 10. Bxf6 Qxf6 11. O-O Qc6 12. Ne5 Qb6 13. Kh1 c5 14. Qh5+ 1-0

[Event "Sombor Open - Memorijal Dragana Milicevi"]
[Site "Sombor, Citaonicka 9"]
[Date "2025.10.27"]
[Round "5.9"]
[White "Babac, Zoran"]
[Black "Mandaric, Petar"]
[Result "0-1"]
[WhiteElo "1780"]
[BlackElo "1877"]
[PlyCount "70"]
[EventDate "2025.10.17"]

1. Nf3 c5 2. g3 Nf6 3. b3 d5 4. e3 e6 5. d4 Nbd7 6. Bd3 Bd6 7. Nbd2 O-O 8. O-O
b6 9. Ne5 Bb7 10. f4 Bxe5 11. fxe5 Ne4 12. Bxe4 dxe4 13. Nc4 Qg5 14. Rf4 f5 15.
Nd6 Bc6 16. Bb2 Rad8 17. Qe2 h5 18. Qf2 Ra8 19. h4 Qh6 20. c4 g6 21. Rd1 cxd4
22. exd4 Rad8 23. d5 exd5 24. cxd5 Ba8 25. b4 Qh7 26. Nb5 Nxe5 27. Bxe5 Bxd5
28. Nc3 Bb7 29. Rxd8 Rxd8 30. Bf6 Rd3 31. Qc2 Rxg3+ 32. Kf1 Qc7 33. Qb3+ Kf8
34. Rf2 e3 35. Ne2 Rh3 0-1

[Event "Sombor Open - Memorijal Dragana Milicevi"]
[Site "Sombor, Citaonicka 9"]
[Date "2025.10.27"]
[Round "5.10"]
[White "Pek, Istvan"]
[Black "Lin, Zhengyuan"]
[Result "0-1"]
[WhiteElo "1869"]
[BlackElo "1701"]
[PlyCount "76"]
[EventDate "2025.10.17"]

1. Nf3 Nc6 2. c4 e5 3. d3 h6 4. g3 Nf6 5. Bg2 d6 6. Nc3 Be6 7. O-O Qd7 8. Re1
Bh3 9. Bh1 Be7 10. a3 O-O 11. b4 a6 12. Bb2 Rfe8 13. Qd2 Bf8 14. Rac1 Rad8 15.
Qc2 Ne7 16. d4 Ng6 17. dxe5 dxe5 18. Red1 Qg4 19. Rxd8 Rxd8 20. Nd1 Qh5 21. Ne3
Ng4 22. Nxg4 Bxg4 23. Rd1 Re8 24. Qe4 b6 25. Qc6 Rc8 26. Bg2 Bd6 27. Rd2 Ne7
28. Qe4 f5 29. Qe3 f4 30. Qc3 Ng6 31. c5 Be7 32. Nxe5 Bf6 33. Qc4+ Kh7 34. Nxg6
Qxg6 35. Bxf6 Qxf6 36. Qxf4 Qa1+ 37. Bf1 Bh3 38. Qe4+ Kh8 0-1

[Event "Sombor Open - Memorijal Dragana Milicevi"]
[Site "Sombor, Citaonicka 9"]
[Date "2025.10.27"]
[Round "5.11"]
[White "Bakula, Milan"]
[Black "Siladjev, Nemanja"]
[Result "1-0"]
[WhiteElo "1733"]
[BlackElo "1499"]
[PlyCount "105"]
[EventDate "2025.10.17"]

1. c4 e5 2. e4 Nf6 3. Nc3 Bb4 4. a3 Bxc3 5. dxc3 O-O 6. Bg5 h6 7. Bh4 d6 8. Be2
g5 9. Bg3 Nxe4 10. Bd3 Nxg3 11. hxg3 Kg7 12. Qh5 Rh8 13. Nf3 f5 14. Bc2 Be6 15.
O-O-O Qe8 16. Qh2 Nd7 17. Nd2 Qf7 18. f4 gxf4 19. gxf4 e4 20. Qh3 Qg6 21. Qe3
Nf6 22. Rh3 Ng4 23. Qg3 Kf7 24. Rdh1 Rag8 25. Qe1 Ke7 26. Nxe4 fxe4 27. Bxe4
Qf6 28. f5 Kd8 29. fxe6 Qxe6 30. Qh4+ Qe7 31. Bxb7 Qxh4 32. Rxh4 Ne3 33. Rxh6
Rxh6 34. Rxh6 Nxg2 35. Bd5 Rg7 36. Rh8+ Kd7 37. Bxg2 Rxg2 38. Ra8 Kc6 39. Rxa7
Kb6 40. Ra8 c5 41. a4 Rg1+ 42. Kc2 Ra1 43. b3 Kb7 44. Rh8 Ra2+ 45. Kb1 Rd2 46.
Rh4 Ka6 47. Rh5 Ka5 48. Rd5 Rxd5 49. cxd5 c4 50. Kb2 cxb3 51. Kxb3 Kb6 52. Kb4
Ka6 53. a5 1-0

[Event "Sombor Open - Memorijal Dragana Milicevi"]
[Site "Sombor, Citaonicka 9"]
[Date "2025.10.29"]
[Round "6.1"]
[White "Kurcubic, Drago"]
[Black "Dombrovski, Mihajlo"]
[Result "1-0"]
[WhiteElo "2177"]
[BlackElo "2006"]
[PlyCount "39"]
[EventDate "2025.10.17"]

1. e4 e6 2. d4 d5 3. Nd2 Nc6 4. c3 e5 5. exd5 Qxd5 6. Ngf3 Bg4 7. Bc4 Bxf3 8.
Qb3 Qd7 9. Nxf3 Na5 10. Bxf7+ Qxf7 11. Qb5+ Qd7 12. Qxa5 exd4 13. O-O dxc3 14.
Re1+ Be7 15. Bg5 c2 16. Ne5 Qc8 17. Qd5 c6 18. Qf7+ Kd8 19. Qxg7 Bxg5 20. Rad1+
1-0

[Event "Sombor Open - Memorijal Dragana Milicevi"]
[Site "Sombor, Citaonicka 9"]
[Date "2025.10.29"]
[Round "6.2"]
[White "Babic, Damir M"]
[Black "Skrobonja, Sinisa"]
[Result "1-0"]
[WhiteElo "2148"]
[BlackElo "1943"]
[PlyCount "61"]
[EventDate "2025.10.17"]

1. d4 g6 2. c4 Bg7 3. Nc3 d6 4. e4 Nf6 5. f4 O-O 6. Nf3 c5 7. d5 e6 8. Be2 exd5
9. cxd5 Re8 10. e5 dxe5 11. fxe5 Ng4 12. Bg5 Qa5 13. O-O h6 14. Bf4 Qb4 15. Qd2
g5 16. e6 fxe6 17. Bxg5 hxg5 18. Qxg5 Nf6 19. Qg6 Qg4 20. Ng5 Qd4+ 21. Kh1 Nbd7
22. Qf7+ Kh8 23. Rf3 Qh4 24. Rh3 Qxh3 25. gxh3 exd5 26. Ne6 Rg8 27. Nf4 Nf8 28.
Ncxd5 N6h7 29. Ne7 Nf6 30. Nxg8 Nxg8 31. Rg1 1-0

[Event "Sombor Open - Memorijal Dragana Milicevi"]
[Site "Sombor, Citaonicka 9"]
[Date "2025.10.29"]
[Round "6.3"]
[White "Knezevic, Janko"]
[Black "Stojanovski, Branko"]
[Result "0-1"]
[WhiteElo "1834"]
[BlackElo "1926"]
[PlyCount "68"]
[EventDate "2025.10.17"]

1. e4 e6 2. d4 d5 3. Nd2 Be7 4. Ngf3 Nf6 5. Bd3 c5 6. c3 Nxe4 7. Nxe4 dxe4 8.
Bxe4 Nd7 9. O-O Qc7 10. Re1 Nf6 11. Bd2 Bd7 12. Ne5 Nxe4 13. Rxe4 cxd4 14. Nxd7
Qxd7 15. Rxd4 Qc6 16. Qe2 b5 17. Rd1 Bf6 18. Rb4 a6 19. Bf4 Be7 20. Rbd4 Ra7
21. Qg4 O-O 22. Bh6 Bf6 23. Rd6 Qc4 24. Qxc4 bxc4 25. Be3 Rb7 26. Bb6 h6 27. a4
Be5 28. Rc6 a5 29. Bxa5 Rxb2 30. Rxc4 Ra8 31. Bb4 Rxa4 32. Rc8+ Kh7 33. g3 Rc2
34. h4 Rxb4 0-1

[Event "Sombor Open - Memorijal Dragana Milicevi"]
[Site "Sombor, Citaonicka 9"]
[Date "2025.10.29"]
[Round "6.5"]
[White "Kolompar, Ivan"]
[Black "Mandaric, Petar"]
[Result "1-0"]
[WhiteElo "2036"]
[BlackElo "1877"]
[PlyCount "74"]
[EventDate "2025.10.17"]

1. e4 g6 2. d4 d6 3. Bd3 Bg7 4. c3 a6 5. Nf3 b5 6. a4 bxa4 7. Qxa4+ Bd7 8. Qb3
Nf6 9. e5 Ng4 10. d5 Qc8 11. exd6 exd6 12. O-O O-O 13. h3 Ne5 14. Nxe5 dxe5 15.
Be3 c6 16. d6 Kh8 17. c4 f5 18. f4 e4 19. Be2 c5 20. Nc3 Bd4 21. Na4 Nc6 22.
Nxc5 Bxe3+ 23. Qxe3 Kg8 24. Nxd7 Qxd7 25. c5 Rfb8 26. Bc4+ Kg7 27. Rxa6 Rxa6
28. Bxa6 Nb4 29. Bc4 Kh6 30. Rc1 Qc6 31. Qd4 Rd8 32. Be2 Nd5 33. Rf1 Rb8 34.
Bc4 Nb4 35. Rc1 Rd8 36. Rc3 Rd7 37. Be6 Rb7 1-0

[Event "Sombor Open - Memorijal Dragana Milicevi"]
[Site "Sombor, Citaonicka 9"]
[Date "2025.10.29"]
[Round "6.6"]
[White "Delija, Dragan"]
[Black "Travica, Robert"]
[Result "0-1"]
[WhiteElo "1862"]
[BlackElo "2030"]
[PlyCount "82"]
[EventDate "2025.10.17"]

1. Nf3 Nf6 2. d4 d5 3. Bf4 e6 4. e3 Nbd7 5. Bd3 Be7 6. Nbd2 c5 7. c3 b6 8. Bb5
Bb7 9. Ne5 a6 10. Nc6 Bxc6 11. Bxc6 Ra7 12. Ba4 O-O 13. h3 b5 14. Bc2 b4 15.
Nf3 bxc3 16. bxc3 Qa5 17. O-O Qxc3 18. dxc5 Bxc5 19. Rc1 Qa3 20. Bb3 Bd6 21.
Qd4 Rb7 22. Bxd6 Qxd6 23. Rc2 Rc7 24. Rxc7 Qxc7 25. Qa4 a5 26. Qa3 Rc8 27. Nd4
Qc5 28. Qb2 Nb6 29. Bd1 Ne4 30. Bg4 Nc4 31. Qa1 Qe7 32. Rc1 g6 33. h4 Qxh4 34.
Nxe6 Qxf2+ 35. Kh1 Qf6 36. Nf4 Qxa1 37. Rxa1 Nf2+ 38. Kg1 Nxg4 39. Nxd5 Kg7 40.
Rc1 Rb8 41. g3 Ncxe3 0-1

[Event "Sombor Open - Memorijal Dragana Milicevi"]
[Site "Sombor, Citaonicka 9"]
[Date "2025.10.29"]
[Round "6.7"]
[White "Lin, Zhengyuan"]
[Black "Vujnovic, Igor"]
[Result "0-1"]
[WhiteElo "1701"]
[BlackElo "1927"]
[PlyCount "74"]
[EventDate "2025.10.17"]

1. e4 e6 2. d4 d5 3. exd5 exd5 4. h3 Bd6 5. Bd3 Ne7 6. Nf3 O-O 7. O-O Bf5 8.
Nc3 c6 9. Bg5 f6 10. Be3 Na6 11. a3 Qd7 12. Nh4 Nc7 13. Nxf5 Nxf5 14. Qf3 Ne7
15. Bf4 Ne6 16. Bxd6 Qxd6 17. Qh5 f5 18. Ne2 Rad8 19. f4 c5 20. c3 cxd4 21.
cxd4 Qb6 22. Rab1 Nxd4 23. Kh1 Nb3 24. Rfd1 Nc5 25. Qg5 Rf6 26. Ng3 h6 27. Qh5
Ne4 28. Bxe4 fxe4 29. Qg4 Qc7 30. Ne2 Nf5 31. Rd2 Rf7 32. h4 d4 33. Qh3 h5 34.
Rbd1 Rfd7 35. g3 Ne3 36. Rc1 Ng4 37. Qg2 e3 0-1